| 000 | 00952nam a22002897a 4500 | ||
|---|---|---|---|
| 003 | BD-DhSAU | ||
| 005 | 20220208140439.0 | ||
| 008 | 160824b2018 au a|||| |||| 001 0 eng d | ||
| 040 | _aBD-DhSAU | ||
| 082 |
_222 _a630.715 _bC4578 |
||
| 100 | _aChoudhury, Shorimin | ||
| 245 |
_aBarley yellow dwarf resistance in cereal crops: _bgenetics and resistance mechanisms/ PhD Thesis _cShorimin Choudhury |
||
| 260 |
_aTasmania : _bUniversity of Tasmania, _c2018 |
||
| 300 |
_axxvii, 203 p. : _bill. ; _c30 cm. |
||
| 500 | _aPh.D thesis. University of Tasmania, | ||
| 590 | _aShofi | ||
| 650 | _aGenetics | ||
| 650 | _aBarley | ||
| 650 | _ayellow | ||
| 650 | _adwarf resistance | ||
| 650 | _a cereal crops | ||
| 650 | _a resistance mechanisms | ||
| 700 |
_aZhou, Meixue _4Dr. |
||
| 700 |
_aMeinke, Holger _4Dr. |
||
| 856 |
_uhttps://eprints.utas.edu.au/31438/12/Choudhury_whole_thesis_ex_pub_mat.pdf _yOnline access |
||
| 942 |
_2ddc _cPHD |
||
| 999 |
_c14776 _d14775 |
||